01264nam a2200325 i 4500001000300000100002300003245009400026250001700120260005500137300002100192504001400213521021900227650002300446655003000469700002100499700001800520015001800538020001500556040000800571041000800579080001500587920001800602942000700620008004100627999001700668856009800685952005700783952004900840952004900889bg1 aWESOŁOWSKI, Marek10aZbiór zadań z analizy chemicznej /cMarek Wesołowski, Krystyna Szefer, Danuta Zimna. aWyd. 2 uzup. aWarszawa :bWydawnictwa Naukowo-Techniczne,c2002. a298 s. ;c21 cm. aBibliogr. aDla studentów uniwersytetów, politechnik, akademii medycznych i rolniczych, którzy w programie studiów mają zajęcia z chemii analitycznej oraz uczniów szkół ponadgimnazjalnych o profilu chemicznym. 9aChemia analityczna aPodręczniki akademickie1 aSZEFER, Krystyna1 aZIMNA, Danuta aPB 12827/2002 a832042741X cBPK0 apol a543(075.8) a83-204-2741-X cKS s pl f |000 0 pol  c46723d46723 uhttp://koha.tu.koszalin.pl/cgi-bin/koha/opac-detail.pl?biblionumber=46723yKatalog online BPK 00104071aBPKbBPKcco76845p02270128t543 CayKS 00104070aBPKbBPKcwo76846p02270111yKS 00104070aBPKbBPKcwo76847p02270104yKS